UITU Library & LRC     

Probability and Statistics: for engineers and scientists (Record no. 26918)

MARC details
000 -LEADER
fixed length control field 00461nam a2200169Ia 4500
008 - FIXED-LENGTH DATA ELEMENTS--GENERAL INFORMATION
fixed length control field 241115s9999 xx 000 0 und d
020 ## - INTERNATIONAL STANDARD BOOK NUMBER
International Standard Book Number 978-81-317-1552-9
082 ## - DEWEY DECIMAL CLASSIFICATION NUMBER
Classification number 519.5 WAL
100 ## - MAIN ENTRY--PERSONAL NAME
Personal name Walpole, Ronald E.
245 #0 - TITLE STATEMENT
Title Probability and Statistics: for engineers and scientists
250 ## - EDITION STATEMENT
Edition statement 8th ed.
260 ## - PUBLICATION, DISTRIBUTION, ETC.
Place of publication, distribution, etc. New York:
Name of publisher, distributor, etc. Pearson,
Date of publication, distribution, etc. 2007
300 ## - PHYSICAL DESCRIPTION
Extent 840p.
600 ## - SUBJECT ADDED ENTRY--PERSONAL NAME
Personal name Humanities & Natural Science
650 ## - SUBJECT ADDED ENTRY--TOPICAL TERM
Topical term or geographic name entry element Social Sciences
942 ## - ADDED ENTRY ELEMENTS (KOHA)
Koha item type Book Bank Data
Holdings
Withdrawn status Lost status Damaged status Not for loan Collection Home library Current library Date acquired Source of acquisition Cost, normal purchase price Total checkouts Barcode Date last seen Price effective from Koha item type
        BB-Humanities & Basic Sciences UITU Library UITU Library 04/25/2013 FBC 293.50   BB2425 11/15/2024   Book Bank Data

Powered by Koha